Otázka hodnôt u Heideggera a Nietzscheho

Význam hodnotového vzťahovania sa k svetu, respektíve poukázanie na spôsob tvorby hodnôt či ich prehodnocovanie. Otázky bytia a hodnotového myslenia tak vo filozofii, ako aj v bežnom živote človeka. Opodstatnenie hodnotenia a tvorby či prehodnocovania hodnôt.

Salvato in:
Dettagli Bibliografici
Autore principale: Jusko, Štefan
Natura: Capitolo di libro
Lingua:slovacco
Soggetti:
Tags: Aggiungi Tag
Nessun Tag, puoi essere il primo ad aggiungerne!!

MARC

LEADER 00000naa a2200000 4500
001 0231297
005 20251204130317.2
041 0 |a slo 
044 |a SK 
245 1 0 |a Otázka hodnôt u Heideggera a Nietzscheho  |c Štefan Jusko 
520 |a Význam hodnotového vzťahovania sa k svetu, respektíve poukázanie na spôsob tvorby hodnôt či ich prehodnocovanie. Otázky bytia a hodnotového myslenia tak vo filozofii, ako aj v bežnom živote človeka. Opodstatnenie hodnotenia a tvorby či prehodnocovania hodnôt. 
610 2 0 |a filozofia 
610 2 0 |a filozofi 
610 2 0 |a smery filozofické 
610 2 0 |a kategórie filozofické 
610 2 0 |a metódy poznania 
610 2 0 |a vedomie spoločenské 
610 2 0 |a hodnota 
610 2 0 |a hodnoty ľudské 
610 2 0 |a postoje 
100 1 |a Jusko, Štefan